03089 2200433 4500001002100000005001500021035002000036007000300056008004100059020002200100082001200122084001800134100003600152245052900188250003500717300004400752700003300796700002500829700003100854700003700885700003300922700002800955700003800983700003001021700002801051700003401079700002801113700004701141700003301188700004801221700003401269336002101303337003001324338002301354264005601377650002201433520118301455990001702638INLIS00000000150300920260406082833 a0010-0426000007ta260406 g 0 ind  a978-634-7506-53-5 a631.584 a631.584 RAH b0 aRahmawati Ning UtamiePengarang1 aBudidaya Tanaman Organik :bKualitas, Keamanan, dan Kesehatan /cDr. Rahmawati Ning Utami, S.Pd., M.Si. Dr. Ismi Puji Ruwaida, S.P., M.P. Prof. Dr. Ir. Elfarisna, M.Si. Ikhsan Hasibuan, M.Sc. Dr. Niken Rani Wandansari, S.P., M.Si. Danar Hadisugelar, S.P., M.Si. Saiful Mahdi, S.P., M.Si. Dr. Ferdianto Budi Samudra, S.P., M.Si. Donatus Kantur, S.P., M.P. Dr. Rika Despita, S.ST., M.P. Dr. Irianti Kurniasari, S.P., M.Biotech. Dr. Arum Pratiwi, S.P., M.P. Ir. Pantja Siwi Veni Rahaju Ingesti, M.P. Ir. Maria Klara Salli, M.P. aCetakan pertama, Desember 2025 axi, 334 halaman. :bilustrasi ;c21 cm.0 aIsmi Puji RuwaidaePengarang0 aElfarisnaePengarang0 aIkhsan HasibuanePengarang0 aNiken Rani WandansariePengarang0 aDanar HadisugelarePengarang0 aSaiful MahdiePengarang0 aFerdianto Budi SamudraePengarang0 aDonatus KanturePengarang0 aRika DespitaePengarang0 aIrianti KurniasariePengarang0 aArum PratiwiePengarang0 aPantja Siwi Veni Rahaju IngestiePengarang0 aMaria Klara SalliePengarang0 aWeni Yuliani, S.Si., M.M., C.EdePenyunting0 aFera Malta, S.TP.ePenyunting 2rdacontentateks 2rdamediaatanpa perantara 2rdacarrieravolume aPadang Pariaman :bLingkar Edukasi Indonesia,c2025 4aPertanian organik aBuku Budidaya Tanaman Organik: Kualitas, Keamanan, dan Kesehatan ini memberikan gambaran lengkap tentang bagaimana bercocok tanam secara organik, mulai dari konsep dasar, manfaat, sampai teknik-teknik penting yang bisa diterapkan di lapangan. Di dalamnya dibahas berbagai hal seperti cara memilih lahan, mengolah tanah dengan pupuk organik, mengendalikan hama secara alami, hingga teknik irigasi dan penggunaan benih organik. Setiap bab ditulis oleh para ahli sehingga pembaca mendapatkan penjelasan yang jelas, runtut, dan mudah diikuti, baik untuk pemula maupun yang sudah berpengalaman di bidang pertanian. Buku ini juga menjelaskan bagaimana memastikan produk organik tetap aman, berkualitas, dan memenuhi standar yang berlaku. Pembaca akan menemukan penjelasan tentang proses panen dan pascapanen, sertifikasi, pelabelan, hingga regulasi produk organik. Selain itu, buku ini mengangkat peluang serta tantangan pertanian organik di masa kini, termasuk inovasi yang bisa mendukung pertanian berkelanjutan. Secara keseluruhan, buku ini menjadi panduan praktis dan informatif bagi siapa saja yang ingin mengenal atau mengembangkan budidaya tanaman organik secara lebih baik. a2026/HD/0012